|
|
|
|
| LEADER |
01804nam a2200445 i 4500 |
| 001 |
EBC4093101 |
| 003 |
MiAaPQ |
| 005 |
20200520144314.0 |
| 006 |
m o d | |
| 007 |
cr cnu|||||||| |
| 008 |
151127t20152015mau o 001 0 eng d |
| 020 |
|
|
|z 9780262029797
|
| 020 |
|
|
|a 9780262330626
|q (electronic bk.)
|
| 035 |
|
|
|a (MiAaPQ)EBC4093101
|
| 035 |
|
|
|a (Au-PeEL)EBL4093101
|
| 035 |
|
|
|a (CaPaEBR)ebr11119539
|
| 035 |
|
|
|a (CaONFJC)MIL831127
|
| 035 |
|
|
|a (OCoLC)921302239
|
| 040 |
|
|
|a MiAaPQ
|b eng
|e rda
|e pn
|c MiAaPQ
|d MiAaPQ
|
| 050 |
|
4 |
|a HD61
|b .S544 2015
|
| 082 |
0 |
|
|a 658.4/056
|2 23
|
| 100 |
1 |
|
|a Sheffi, Yosef,
|d 1948-
|e author.
|
| 245 |
1 |
4 |
|a The power of resilience :
|b how the best companies manage the unexpected /
|c Yossi Sheffi.
|
| 264 |
|
1 |
|a Cambridge, Massachusetts ;
|a London, England :
|b The MIT Press,
|c 2015.
|
| 264 |
|
4 |
|c 2015
|
| 300 |
|
|
|a 1 online resource (484 pages)
|
| 336 |
|
|
|a text
|2 rdacontent
|
| 337 |
|
|
|a computer
|2 rdamedia
|
| 338 |
|
|
|a online resource
|2 rdacarrier
|
| 500 |
|
|
|a Includes index.
|
| 588 |
|
|
|a Description based on print version record.
|
| 590 |
|
|
|a Electronic reproduction. Ann Arbor, MI : ProQuest, 2015. Available via World Wide Web. Access may be limited to ProQuest affiliated libraries.
|
| 650 |
|
0 |
|a Risk management.
|
| 650 |
|
0 |
|a Strategic planning.
|
| 650 |
|
0 |
|a Crisis management.
|
| 650 |
|
0 |
|a Business logistics
|x Management.
|
| 655 |
|
4 |
|a Electronic books.
|
| 776 |
0 |
8 |
|i Print version:
|a Sheffi, Yosef, 1948-
|t Power of resilience : how the best companies manage the unexpected.
|d Cambridge, Massachusetts ; London, England : The MIT Press, c2015
|h xiv, 469 pages
|z 9780262029797
|w 2015011432
|
| 797 |
2 |
|
|a ProQuest (Firm)
|
| 856 |
4 |
0 |
|u https://ebookcentral.proquest.com/lib/matrademy/detail.action?docID=4093101
|z Click to View
|